000 01101nam a2200241 i 4500
001 156428
003 ES-MaACL
005 20250827063226.0
008 940202s1881 sp f |||| | spa d
100 0 _aJosé de Sigüenza,
_d1544-1606
_9151215
245 1 0 _aHistoria primitiva y exacta del Monasterio del Escorial
_b: la más rica en detalles de cuantas se han publicado /
_cescrita el siglo XVI por el Padre Fray José de Sigüenza ; arreglada por Miguel Sanchez y Pinillos.
260 _aMadrid :
_b[s.n.],
_c1881 (
_fImp. y Fundición de M. Tello)
300 _a560 p., [1] h. de lám. ;
_c18 cm.
530 _aDisponible en formato digital.
597 _aAntep.
599 _aLám.: retrato del autor.
610 2 7 _aMonasterio de El Escorial-
_vHistoria.
_95730
651 7 _aMonasterio de El Escorial
_xEdificios, estructuras, etc.
_2
_9144603
700 1 _aSanchez y Pinillos, Miguel.
_9132393
852 _aES-MaACL
_jF-11161
_z- Enc. pasta española
856 _uhttp://bdh-rd.bne.es/viewer.vm?id=0000216290&page=1
_zBiblioteca Digital Hispánica
999 _c156428
_d156428